Κατάλογος Βιβλιοθηκών Mediterranean College

Management / A Global Perspective: Tenth Edition (Record no. 720)

MARC details
000 -LEADER
fixed length control field 02073cam a22002294a 4500
005 - ΗΜΕΡΟΜΗΝΙΑ ΚΑΙ ΩΡΑ ΤΕΛΕΥΤΑΙΑΣ ΕΝΗΜΕΡΩΣΗΣ
Πεδίο ελέγχου 20250605163943.0
008 - FIXED-LENGTH DATA ELEMENTS--GENERAL INFORMATION
Πεδίο ελέγχου σταθερού μήκους 250528s ||||||||||||||||||||||||d
035 ## - SYSTEM CONTROL NUMBER
System control number 15123
020 ## - ISBN
ISBN 70691703
040 ## - ΠΗΓΗ ΚΑΤΑΛΟΓΟΓΡΑΦΗΣΗΣ
Φορέας πρωτότυπης καταλογογράφησης MC Athens Campus Library
Γλώσσα καταλογογράφησης Ελληνικά, Μοντέρνα (1453-)
Modifying agency MC Athens Campus Library
Κανόνες περιγραφικής καταλογογράφησης AACR2
245 1# - ΤΙΤΛΟΣ ΚΑΙ ΔΗΛΩΣΗ ΥΠΕΥΘΥΝΟΤΗΤΑΣ
Τίτλος Management / A Global Perspective: Tenth Edition
250 ## - EDITION STATEMENT
Edition statement 10th
260 ## - PUBLICATION, DISTRIBUTION, ETC.
Name of publisher, distributor, etc. Mcgraw Hill, Inc,
Date of publication, distribution, etc. 1993
300 ## - PHYSICAL DESCRIPTION
Extent 748
505 0# - FORMATTED CONTENTS NOTE
Formatted contents note Preface, The Basis of Global Management Theory and Practice, Management: Science and Theory and Practice, Global and Comparative Management, The Basis of Global Management, Planning, The Nature and Purpose of Planning, Objectives, Strategies and Policies and Planning Premises, Global Planning, Organizing, The Nature of Organizing and Entrepreneuring, Effective Organizing and Organizational Culture, Global Organizing, Staffing, Human Resource Management and Selection, Performance Appraisal and Career Strategy, Global Staffing, Leading, Human Factors and Motivation, Leadership, Communication, Global Leading, Controlling, The System and Process of Controlling, Productivity and Operations Management, Global Controlling and Global Challenges, Glossary, Indexes.
520 ## - SUMMARY, ETC.
Summary, etc. Preface, The Basis of Global Management Theory and Practice, Management: Science and Theory and Practice, Global and Comparative Management, The Basis of Global Management, Planning, The Nature and Purpose of Planning, Objectives, Strategies and Policies and Planning Premises, Global Planning, Organizing, The Nature of Organizing and Entrepreneuring, Effective Organizing and Organizational Culture, Global Organizing, Staffing, Human Resource Management and Selection, Performance Appraisal and Career Strategy, Global Staffing, Leading, Human Factors and Motivation, Leadership, Communication, Global Leading, Controlling, The System and Process of Controlling, Productivity and Operations Management, Global Controlling and Global Challenges, Glossary, Indexes.
700 1# - ΠΡΟΣΘΕΤΗ ΑΝΑΓΡΑΦΗ--ΦΥΣΙΚΟ ΠΡΟΣΩΠΟ
Personal name Koontz Harold
9 (RLIN) 974
700 1# - ΠΡΟΣΘΕΤΗ ΑΝΑΓΡΑΦΗ--ΦΥΣΙΚΟ ΠΡΟΣΩΠΟ
Personal name Weihrich Heinz
9 (RLIN) 975
942 ## - ADDED ENTRY ELEMENTS (KOHA)
Koha item type Books
Holdings
Τύπος τεκμηρίου Βιβλιοθήκη Τρέχουσα τοποθεσία Barcode Αριθμός εισαγωγής Ημερομηνία απόκτησης Ταξιθετικό σύμβολο Αριθμός αντιτύπου Κατάσταση απόσυρσης Κατάσταση χαμένου Κατάσταση κατεστραμμένου Μη δανεισμός Σύνολο δανεισμών Ημερομηνία τελευταίας εμφάνισης Η τιμή ισχύει από
Books MC Athens Campus Library MC Athens Campus Library 9780000007193 1353 05/06/2025 658 WEI 1           05/06/2025 05/06/2025

MC Athens Campus Library
Πατησίων 94 & Κοδριγκτώνος 13, 104 34
Πελλήνης 8 & Πατησίων 107, 112 51
Τ: +30 210 8899600

MC Thessaloniki Campus Library
Ίωνος Δραγούμη 21, 54625 | Ίωνος Δραγούμη 15, 54625
Τ: +30 2310 287779 – Τ: +30 2314 440300